El paisaje arqueológico de la región Pitahaya-Chomes, Puntarenas, Costa Rica /
Con motivo de las jornadas de investigación organizadas por el IIS se presenta un avance de tesis donde se discute de forma concreta, la relación entre yacimientos arqueológicos y ciertas condiciones medioambientales particulares de la región Pitaya-Chomes. Esta síntesis tiene una base empírica sóli...
Guardado en:
| 主要作者: | |
|---|---|
| 其他作者: | |
| 格式: | Texto |
| 主题: | |
| 标签: |
添加标签
没有标签, 成为第一个标记此记录!
|
MARC
| LEADER | 00000 a a2200000 04500 | ||
|---|---|---|---|
| 001 | 8931 | ||
| 003 | |||
| 040 | |||
| 100 | |a Villalobos P., María | ||
| 245 | |a El paisaje arqueológico de la región Pitahaya-Chomes, Puntarenas, Costa Rica / |c María Villalobos P. ; Gustavo Gómez Q. | ||
| 520 | |a Con motivo de las jornadas de investigación organizadas por el IIS se presenta un avance de tesis donde se discute de forma concreta, la relación entre yacimientos arqueológicos y ciertas condiciones medioambientales particulares de la región Pitaya-Chomes. Esta síntesis tiene una base empírica sólida y perfila a grandes rasgos la opinión de los autores en torno a la naturaleza de las sociedades prehispánicas que como arqueólogos estudian. A parte de ofrecer algunos resultados preeliminares de la investigación, el documento incluye una breve descripción del proyecto, una síntesis con los principales conceptos teórico-metodológicos que lo sustentan. Por ser ésta una investigación en curso, fue necesario excluir la discusión de algunos datos de campo que hasta la fecha no han sido analizados | ||
| 650 | |a ARQUEOLOGIA | ||
| 650 | |a SITIOS ARQUEOLOGICOS | ||
| 650 | |a COSTA RICA | ||
| 700 | |a Gómez Q., Gustavo | ||
| 773 | |g volumen 5, número 5; página 13 | ||
| 999 | |c 37606 |d 37606 | ||
